Welcome to the Holygrace Academy Library

Please use search bar below to get started

PHALVARGAVILAKAL (Record no. 989)

MARC details
000 -LEADER
fixed length control field 00306nam a22001337a 4500
020 ## - INTERNATIONAL STANDARD BOOK NUMBER
ISBN 6008-5000-01-0206
082 ## - DEWEY DECIMAL CLASSIFICATION NUMBER
Classification number 894.812
Item number BEN/P
100 ## - MAIN ENTRY--AUTHOR NAME
Personal name GRACIOUS BENJAMIN
245 ## - TITLE STATEMENT
Title PHALVARGAVILAKAL
260 ## - PUBLICATION, DISTRIBUTION, ETC. (IMPRINT)
Place of publication THRICHUR
Name of publisher H & C BOOKS
Year of publication 2006
300 ## - PHYSICAL DESCRIPTION
Number of Pages 96
650 ## - SUBJECT ADDED ENTRY--TOPICAL TERM
Topical Term FOOD & NUTRITION
Geographic subdivision KERALA
942 ## - ADDED ENTRY ELEMENTS (KOHA)
Koha item type Books
Holdings
Withdrawn status Lost status Collection code Home library Current library Shelving location Date acquired Source of acquisition Cost, normal purchase price Full call number Accession Number Koha item type
    Reference Main Library Main Library   21/08/2015 purchase 10.00 894.812 BEN/P 06225 Books
    Reference Main Library Main Library   16/04/2023 purchase 10.00 894.812 BEN/P 09635 Books